- Loudet, Osvaldo,
Entrada Nombre personal
Número de registros utilizados en: 23
001 - NÚMERO DE CONTROL
- campo de control: 6616
003 - IDENTIFICADOR DEL NÚMERO DE CONTROL
- campo de control: AR-BaAGN
005 - FECHA Y HORA DE LA ÚLTIMA TRANSACCIÓN
- campo de control: 20231113142103.0
008 - ELEMENTOS DE DATO DE LONGITUD-FIJA
- campo de control de longitud fija: 231109|| aca||aabn | a|a d
024 7# - IDENTIFICADOR DE OTROS ESTÁNDARES
- Número estándar o código: 53087448
- Fuente: viaf
- URI de un objeto del mundo real: http://viaf.org/viaf/53087448
040 ## - FUENTE DE CATALOGACIÓN
- Centro catalogador/agencia de origen: AR-BaBN
- Lengua de catalogación: spa
- Normas de descripción: aacr
- Centro/agencia modificador: AR-BaAGN
100 1# - ENCABEZAMIENTO-NOMBRE DE PERSONA
- Nombre de persona: Loudet, Osvaldo,
- Fechas asociadas al nombre: 1889-1983
370 ## - LUGAR ASOCIADO
- Lugar de nacimiento: Buenos Aires
- Lugar de fallecimiento: Buenos Aires
372 ## - CAMPO DE ACTIVIDAD
- Campo de actividad: Medicina
374 ## - OCUPACIÓN
- Ocupación: Médicos
374 ## - OCUPACIÓN
- Ocupación: Escritores
400 1# - TRAZADO DE VÉASE--NOMBRE DE PERSONA
- Nombre de persona: Loudet Tornú, Osvaldo,
- Fechas asociadas al nombre: 1889-1983
670 ## - FUENTE DE DATOS ENCONTRADOS
- Cita de la fuente: Biblioteca Nacional Mariano Moreno, 9 noviembre 2023:
- Información encontrada: catálogo de autoridades (Loudet, Osvaldo)
670 ## - FUENTE DE DATOS ENCONTRADOS
- Cita de la fuente: Política del espíritu : maestros y discípulos, 1948:
- Información encontrada: port. (Osvaldo Loudet)
670 ## - FUENTE DE DATOS ENCONTRADOS
- Cita de la fuente: WWW Fundación Konex.org, 05 oct. 2017:
- Información encontrada: (Osvaldo Loudet, nació el 13 abr. 1889; Criminólogo, psiquiatra, médico legista e historiador de la medicina; Fundador y Primer Presidente de la Federación Universitaria Argentina (1918); Director del Instituto de Criminología de la Penitenciaría Nacional de Buenos Aires y Fundador del anexo psiquiátrico de esa cárcel; Profesor Titular y Vicedecano de la Facultad de Ciencias Médicas de Buenos Aires (1942-43); Director del Instituto Psiquiátrico (1931-38) Presidente de la Sociedad de Medicina Legal y Toxicológica, de la Sociedad de Psicología de Buenos Aires; Fundador de la Sociedad Argentina de Criminología y de la Sociedad de Psiquiatría y Medicina Legal de La Plata; Presidente de la Academia Nacional de Ciencias Morales y Políticas; Miembro de la Academia Argentina de Letras, de la de Ciencias de Buenos Aires y de la Academia Nacional de Medicina; asesor Honorario de la Secretaría de Cultura de la Nación; Publicó varios libros; falleció el 07 oct. 1983)
670 ## - FUENTE DE DATOS ENCONTRADOS
- Cita de la fuente: WWW Wikipedia, 05 oct. 2017:
- Información encontrada: (Osvaldo Loudet fue un destacado médico y escritor argentino del siglo XX, especializado en psiquiatría, criminología y medicina legal; hijo de Osvaldo Loudet (1862-1894), destacado médico argentino)
670 ## - FUENTE DE DATOS ENCONTRADOS
- Cita de la fuente: WWW Genealogia familiar.net, 05 oct. 2017:
- Información encontrada: (Osvaldo Loudet Tornú, n. 13 abr 1889; hijos; Corina Laura Loudet Mallo, n. 29 ago 1920, Buenos Aires, Argentina y Osvaldo Elías Loudet Mallo)
- Identificador Uniforme de Recursos: http://www.genealogiafamiliar.net/getperson.php?personID=I151000&tree=BVCZ
